000 nam a22 7a 4500
999 _c336612
_d336612
003 IT-MiCISF
005 20170412122343.0
008 170412b xxu||||| |||| 00| 0 eng d
040 _cIT-MiCISF
041 _ait
100 _aTerminio Nicolò
_956387
245 _aSiamo pronti per un figlio?
_bAmarsi e diventare genitori
260 _aCinisello B. (MI)
_bSan Paolo
_c2015
300 _app. 104
500 _agenitorialità, primo-figlio, psiconalisi, rapporti-intergenerazionali, educazione, prevenzione
520 _a"Siamo davvero pronti per un figlio?" Questa domanda probabilmente risuona in ogni giovane coppia, per la quale alle difficoltà del mondo esterno si sommano le insicurezze di fronte a un compito che può sembrare arduo. Ma la "generatività" di una coppia non è solo quella che si realizza nel mettere al mondo un figlio. La coppia genera non soltanto nel metterlo al mondo e nell’offrirgli le cure necessarie, ma è una coppia che genera anche quando inserisce i figli tra le generazioni e permette la loro realizzazione personale. La generatività della coppia si realizza, infine, anche nella sua apertura ai legami sociali, quando fornisce guida e sostegno alla crescita delle nuove generazioni e non solo ai propri figli. Questo volume unisce storie vere di coppie accompagnate dall'autore in un percorso psicoterapeutico e riflessioni concrete e utili, capaci di far progredire in un percorso "a due".
650 _agenitorialità
_956044
654 _asaggio
942 _2ddc
_cBK